02650nam a2200529Ia 45000010005000000080041000050100009000460410014000550820027000692450104000962600018002003000008002185200007002266300029002336500018002626900014002807000031002947000038003257000025003637000029003889010101004179020006005189030039005249040018005639050078005819060006006599070014006659080014006799090051006939100015007449110010007599120014007699130009007839140024007929150009008169160009008259170009008349180014008439190012008575201192008699210007020619220007020689230006020759240014020819420010020959990015021053556241029s9999 xx 000 0 und d a3333 aEspañol aMA-EORHO 0001 FH 2002. 0aNecesidad de la Orientación Ocupacional en el Distrito Escolar 10-06 de la regional Santo Domingo aSanto Domingo a127 a19 aOrientación Vocacional aOrientación aElaborado easesoraDíaz , Guillermo eautoraFeliz Feliz, Austria Gelin eautoraPérez, Rita eautoraPaulino, Liduvina a{"1":"Feliz Feliz","2":"Pérez","3":"Paulino"}b{"1":"Austria Gelin","2":"Rita","3":"Liduvina"} a1 a{"1":"Díaz "}b{"1":"Guillermo"} aMaestría en aOrientación Ocupacional para los Recursos Humanos en las Organizaciones a2 aNO APLICA aNO APLICA aUniversidad Autónoma de Santo Domingo (UASD) aNULLbNULL a["1"] aNO APLICA aNULL a07 de Enero de 2002 aNULL aNULL aNULL aNO APLICA a["150"] aEl objetivo general de esta investigación fue determinar la necesidad de orientación ocupacional en los empleados públicos para el desempeño de sus puestos de trabajo.Este estudio fue de tipo descriptivo. Como instrumento su utilizó en cuestionario. La muestra estuvo compuesta por 135 empleados del Distrito 10-06.Se concluyó que existe la necesidad de orientadores ocupacionales en la Administración Pública para atender las necesidades laborales de adaptación a los puestos de trabajos; en los procesos de reclutamiento, selección, inducción y colocación a los nuevos implicados; elevar el nivel de satisfacción y motivación laboral, asistir al manejo de conflictos y para favorecer al desarrollo continuo de los aspectos personales, interpersonales y sociales de los empleados públicos.Se recomienda que, dado a que la orientación ocupacional es un compromiso del Estado, sugerimos que éste promueva la apertura en las universidades de la carrera Orientación Ocupacional dirigida a servidores públicos, a nivel de Grado, Postgrado y Maestría, por medio de becas, para garantizar así, su aplicación efectiva en las instituciones públicas. a16 a16 a0 aNO APLICA cTesis c3333d3333